Makrokreatívne účtovníctvo a jeho vplyv na verný a pravdivý obraz
Jednou z hlavných úloh účtovnej závierky je poskytovanie verného a pravdivého obrazu o finančnej situácii a finančnej výkonnosti podniku s cieľom napomáhať určitým skupinám pri ich rozhodovaní. Pri plnení tohto cieľa existuje riziko, že tvorcovia pravidiel podľahnú rôznym externým tlakom (makrokreat...
Gespeichert in:
| 1. Verfasser: | |
|---|---|
| Weitere Verfasser: | |
| Format: | Buchkapitel |
| Sprache: | Slowakisch |
| Schlagworte: | |
| Tags: |
Keine Tags, Fügen Sie das erste Tag hinzu!
|
MARC
| LEADER | 00000naa$a2200000$$$4500 | ||
|---|---|---|---|
| 001 | 0099636 | ||
| 005 | 20240502072109.4 | ||
| 041 | 0 | |a slo | |
| 044 | |a SK | ||
| 245 | 1 | 0 | |a Makrokreatívne účtovníctvo a jeho vplyv na verný a pravdivý obraz |c Miloš Tumpach, Stanislava Husárová |
| 520 | |a Jednou z hlavných úloh účtovnej závierky je poskytovanie verného a pravdivého obrazu o finančnej situácii a finančnej výkonnosti podniku s cieľom napomáhať určitým skupinám pri ich rozhodovaní. Pri plnení tohto cieľa existuje riziko, že tvorcovia pravidiel podľahnú rôznym externým tlakom (makrokreatívne účtovníctvo). Príspevok sa zameriava na niektoré aspekty makrokreatívneho účtovníctva a jeho vplyv na verný a pravdivý obraz poskytovaný účtovnou závierkou. | ||
| 610 | 2 | 0 | |a závierka účtovná |
| 610 | 2 | 0 | |a pravidlá účtovné |
| 610 | 2 | 0 | |a účtovníctvo vnútropodnikové |
| 610 | 2 | 0 | |a situácia finančná podniku |
| 100 | 1 | |a Tumpach, Miloš, 1970- | |
| 700 | 1 | |a Husárová, Stanislava | |